Catálogo
 En Linea

Los secretos de los gigantes norteamericanos / (Registro nro. 25602)

Detalles MARC
000 -CABECERA
campo de control de longitud fija 00849nam a2200241 a 4500
001 - NÚMERO DE CONTROL
campo de control 000026110
005 - FECHA Y HORA DE LA ÚLTIMA TRANSACCIÓN
campo de control 20200930024317.0
008 - DATOS DE LONGITUD FIJA--INFORMACIÓN GENERAL
campo de control de longitud fija 110301s1971 ag r 001 0 spa d
040 ## - FUENTE DE LA CATALOGACIÓN
Centro catalogador/agencia de origen DO-SdBNP
Lengua de catalogación spa
Centro/agencia transcriptor BNPHU
041 17 - CÓDIGO DE LENGUA
Código de lengua del texto/banda sonora o título independiente spa
Código de lengua original fre
Fuente del código Código de idiomas MARC
082 ## - NÚMERO DE LA CLASIFICACIÓN DECIMAL DEWEY
Número de clasificación nn*
Número de documento/Ítem nn*
049 ## - FONDOS LOCALES (OCLC)
Fondos de biblioteca BNGR
100 1# - ENTRADA PRINCIPAL--NOMBRE DE PERSONA
Nombre de persona Hetman, François.
9 (RLIN) 53051
240 10 - TÍTULO UNIFORME
Título uniforme Les secrets des géants américains.
Lenguaje de la obra Español
245 14 - MENCIÓN DE TÍTULO
Título Los secretos de los gigantes norteamericanos /
Mención de responsabilidad, etc. François Hetman ; traducción de Susana Lugones.
260 ## - PUBLICACIÓN, DISTRIBUCIÓN, ETC.
Lugar de publicación, distribución, etc. Buenos Aires :
Nombre del editor, distribuidor, etc. Sudamericana,
Fecha de publicación, distribución, etc. 1971.
300 ## - DESCRIPCIÓN FÍSICA
Extensión 226 p. ;
Dimensiones 20 cm.
490 1# - MENCIÓN DE SERIE
Mención de serie Perspectivas
534 ## - NOTA SOBRE LA VERSIÓN ORIGINAL
Encabezamiento principal del original Título del original en francés :
Mención de título del original Les secrets des géants américains
500 ## - NOTA GENERAL
Nota general Incluye índice de temas principales.
700 1# - PUNTO DE ACCESO ADICIONAL--NOMBRE DE PERSONA
Nombre de persona Lugones, Susana,
Término indicativo de función/relación tr.
9 (RLIN) 53052
830 #0 - PUNTO DE ACCESO ADICIONAL DE SERIE-TÍTULO UNIFORME
Título uniforme Perspectivas
9 (RLIN) 53053
Existencias
Estado de retiro Estado de pérdida Restricciones de uso No para préstamo Código de colección Localización permanente Ubicación/localización actual Ubicación en estantería Fecha de adquisición Número de inventario Total de préstamos Signatura topográfica completa Código de barras Fecha visto por última vez Precio válido a partir de Tipo de ítem Koha
        Monografías: Libros y Folletos General General En catalogación 01.03.2011 LF1   nn* nn* 26110-10 25.06.2020 25.06.2020 Préstamo en sala

Con tecnología Koha